<?xml version="1.0" encoding="UTF-8"?>
<record
    xmlns:xsi="http://www.w3.org/2001/XMLSchema-instance"
    xsi:schemaLocation="http://www.loc.gov/MARC21/slim http://www.loc.gov/standards/marcxml/schema/MARC21slim.xsd"
    xmlns="http://www.loc.gov/MARC21/slim">

  <leader>03177nab a2200337uuc4500</leader>
  <controlfield tag="001">1394112</controlfield>
  <controlfield tag="005">20240202120401.0</controlfield>
  <controlfield tag="007">cr|||||||</controlfield>
  <controlfield tag="008">141201                             spa  </controlfield>
  <datafield tag="035" ind1=" " ind2=" ">
    <subfield code="a">1394112</subfield>
  </datafield>
  <datafield tag="040" ind1=" " ind2=" ">
    <subfield code="c">comduadb</subfield>
  </datafield>
  <datafield tag="041" ind1=" " ind2=" ">
    <subfield code="a">spa</subfield>
  </datafield>
  <datafield tag="100" ind1="1" ind2="0">
    <subfield code="a">D&#xED;az Veiga, Pura</subfield>
    <subfield code="4">aut</subfield>
    <subfield code="e">aut</subfield>
    <subfield code="9">697141</subfield>
  </datafield>
  <datafield tag="245" ind1="1" ind2="0">
    <subfield code="a">Efectos del Modelo de Atenci&#xF3;n Centrado en la Persona en la calidad de vida de personas con deterioro cognitivo de centros gerontol&#xF3;gicos</subfield>
  </datafield>
  <datafield tag="520" ind1="3" ind2=" ">
    <subfield code="a">Introducci&#xF3;n El Modelo de Atenci&#xF3;n Centrado en la Persona ha suscitado creciente inter&#xE9;s para su aplicaci&#xF3;n en centros gerontol&#xF3;gicos. Sin embargo, hay escasas aportaciones sobre su impacto en nuestro contexto. El objetivo del trabajo consiste en establecer las consecuencias que para la calidad de vida de residentes con deterioro cognitivo, tienen las intervenciones asociadas al Modelo de Atenci&#xF3;n Centrado en la Persona en el Proyecto "Etxean Ondo". Material y m&#xE9;todos Se seleccion&#xF3; a 119 residentes con deterioro cognitivo, 59 en el grupo control y 60 en el grupo experimental. Los sujetos de cada grupo fueron distribuidos seg&#xFA;n su deterioro cognitivo: leve o grave. Se implantaron cambios en los entornos f&#xED;sico, y organizativo para la promoci&#xF3;n de autonom&#xED;a y bienestar. Se evalu&#xF3; la calidad de vida, antes de las intervenciones y 6 meses despu&#xE9;s, utiliz&#xE1;ndose las escalas Fumat (deterioro cognitivo leve) y Qualid (deterioro cognitivo grave). Se utiliz&#xF3; t de Student para las comparaciones de medias. Resultados En las comparaciones intergrupo, se identificaron diferencias significativas en la escala Fumat a favor del grupo control con deterioro cognitivo leve. Estas diferencias no se registraron en la evaluaci&#xF3;n posterior. El grupo experimental con deterioro cognitivo grave mejor&#xF3; significativamente en la escala Qualid en la evaluaci&#xF3;n posterior. En las comparaciones intragrupo, se registraron mejoras significativas en la calidad de vida de los sujetos del grupo experimental, tanto con deterioro cognitivo grave como leve. Conclusiones Los hallazgos avalan la efectividad de las intervenciones e identifican cuestiones metodol&#xF3;gicas y conceptuales que deber&#xE1;n considerarse en el an&#xE1;lisis de los efectos del Modelo de Atenci&#xF3;n Centrado en la Persona.</subfield>
  </datafield>
  <datafield tag="650" ind1=" " ind2=" ">
    <subfield code="a">Deterioro cognitivo</subfield>
    <subfield code="9">208580</subfield>
  </datafield>
  <datafield tag="650" ind1=" " ind2=" ">
    <subfield code="a">Calidad de vida en la vejez</subfield>
    <subfield code="9">30785</subfield>
  </datafield>
  <datafield tag="650" ind1=" " ind2=" ">
    <subfield code="a">Modelo de atenci&#xF3;n centrado en la persona</subfield>
    <subfield code="9">212461</subfield>
  </datafield>
  <datafield tag="700" ind1="1" ind2="0">
    <subfield code="a">Sancho, Mayte</subfield>
    <subfield code="4">aut</subfield>
    <subfield code="e">aut</subfield>
    <subfield code="9">702562</subfield>
  </datafield>
  <datafield tag="700" ind1="1" ind2="0">
    <subfield code="a">Garc&#xED;a, Alvaro</subfield>
    <subfield code="4">aut</subfield>
    <subfield code="e">aut</subfield>
  </datafield>
  <datafield tag="700" ind1="1" ind2="0">
    <subfield code="a">Rivas, Esther</subfield>
    <subfield code="4">aut</subfield>
    <subfield code="e">aut</subfield>
    <subfield code="9">702564</subfield>
  </datafield>
  <datafield tag="700" ind1="1" ind2="0">
    <subfield code="a">Abad, Elixabet</subfield>
    <subfield code="4">aut</subfield>
    <subfield code="e">aut</subfield>
    <subfield code="9">715962</subfield>
  </datafield>
  <datafield tag="700" ind1="1" ind2="0">
    <subfield code="a">Su&#xE1;rez, Nerea</subfield>
    <subfield code="4">aut</subfield>
    <subfield code="e">aut</subfield>
    <subfield code="9">702565</subfield>
  </datafield>
  <datafield tag="700" ind1="1" ind2="0">
    <subfield code="a">Mondrag&#xF3;n, Gabriela</subfield>
    <subfield code="4">aut</subfield>
    <subfield code="e">aut</subfield>
    <subfield code="9">688074</subfield>
  </datafield>
  <datafield tag="700" ind1="1" ind2="0">
    <subfield code="a">Buiza Bueno, Cristina</subfield>
    <subfield code="4">aut</subfield>
    <subfield code="e">aut</subfield>
    <subfield code="9">637559</subfield>
  </datafield>
  <datafield tag="700" ind1="1" ind2="0">
    <subfield code="a">Orbegozo, Ana</subfield>
    <subfield code="4">aut</subfield>
    <subfield code="e">aut</subfield>
    <subfield code="9">708488</subfield>
  </datafield>
  <datafield tag="700" ind1="1" ind2="0">
    <subfield code="a">Yanguas, Javier</subfield>
    <subfield code="4">aut</subfield>
    <subfield code="e">aut</subfield>
    <subfield code="9">577571</subfield>
  </datafield>
  <datafield tag="773" ind1="0" ind2=" ">
    <subfield code="t">Revista Espa&#xF1;ola de Geriatr&#xED;a y Gerontolog&#xED;a (Espa&#xF1;a)</subfield>
    <subfield code="g">Vol. 49. N&#xFA;m. 06. Noviembre 2014 - Diciembre 2014, p. 266-271</subfield>
    <subfield code="w">1362608</subfield>
    <subfield code="0">678480</subfield>
  </datafield>
  <datafield tag="856" ind1="4" ind2=" ">
    <subfield code="u">https://aplicacionesbiblioteca.udea.edu.co:2629/#!/browse/toc/1-s2.0-S0211139X14X00065/null/journalIssue</subfield>
  </datafield>
  <datafield tag="942" ind1=" " ind2=" ">
    <subfield code="c">ARIMP</subfield>
  </datafield>
  <datafield tag="999" ind1=" " ind2=" ">
    <subfield code="c">699250</subfield>
    <subfield code="d">699250</subfield>
  </datafield>
</record>
